[Event "Titled Tuesday intern op 05th Oct"]
[Site "Chess.com INT"]
[Date "2021.10.05"]
[Round "8"]
[White "Suhaila, M Mohsin"]
[Black "Seifert, Henryk"]
[Result "0-1"]
[WhiteElo "1658"]
[BlackElo "2148"]
[PlyCount "124"]
[EventDate "2021.10.05"]
[EventType "swiss (blitz)"]
[EventRounds "11"]
[EventCountry "USA"]
[SourceTitle "CBM 204 Extra"]
[Source "ChessBase"]
[SourceDate "2021.11.30"]
[SourceVersion "1"]
[SourceVersionDate "2021.11.30"]
[SourceQuality "1"]

1. e4 e6 2. d3 c5 3. Nf3 Nc6 4. g3 g6 5. Bg2 Bg7 6. 0-0 Nge7 7. c3 d5 8. Re1 0-0 9. e5 b6 10. Bf4 Bb7 11. h4 h6 12. g4 Qd7 13. Nbd2 Kh7 14. Nf1 d4 15. c4 a6 16. Ng3 Nd8 17. Ne4 Bxe4 18. Rxe4 Ndc6 19. Re1 Rae8 20. Nh2 f6 21. exf6 Rxf6 22. Bg3 Ref8 23. Be4 e5 24. g5 R6f7 25. Qh5 Nf5 26. Qg4 h5 27. Qh3 Nce7 28. Bxf5 Qxf5 29. Qxf5 Rxf5 30. Re2 Nc6 31. Rf1 R8f7 32. Rfe1 Bh8 33. Nf1 Bg7 34. Nd2 Bh8 35. Ne4 Rf3 36. Nf6+ Bxf6 37. gxf6 R7xf6 38. Bxe5 Nxe5 39. Rxe5 Rxf2 40. Re7+ Kh6 41. Re8 R2f4 42. R1e7 Rg4+ 43. Kh2 Rxh4+ 44. Kg3 Rg4+ 45. Kh3 Kg5 46. Re5+ Rf5 47. Rxf5+ Kxf5 48. Rf8+ Kg5 49. Rb8 Rf4 50. Rxb6 Rf3+ 51. Kg2 Rxd3 52. Rxa6 Rd2+ 53. Kf3 Rxb2 54. Rc6 Rxa2 55. Rxc5+ Kh6 56. Ke4 Rd2 57. Rd5 h4 58. Rxd4 Rxd4+ 59. Kxd4 h3 60. c5 h2 61. c6 h1Q 62. c7 Qc6 0-1